All BC MPs and Federal Ridings - Statistics

General Stats
  • This quiz has been taken 21 times
  • The average score is 44 of 86
Answer Stats
Riding/MP % Correct
New Westminster—Burnaby—Maillardville
100%
Don Davies
89%
Esquimalt—Saanich—Sooke
89%
Jenny Kwan
89%
Vancouver East
89%
Vancouver Granville
89%
Aaron Gunn
78%
Coquitlam—Port Coquitlam
78%
Elizabeth May
78%
Nanaimo—Ladysmith
78%
North Island—Powell River
78%
Port Moody—Coquitlam
78%
Saanich—Gulf Islands
78%
Vancouver Centre
78%
Victoria
78%
Abbotsford—South Langley
67%
Burnaby North—Seymour
67%
Cloverdale—Langley City
67%
Fleetwood—Port Kells
67%
Gord Johns
67%
Kelowna
67%
Mission—Matsqui—Abbotsford
67%
Prince George—Peace River—Northern Rockies
67%
Richmond Centre—Marpole
67%
Similkameen—South Okanagan—West Kootenay
67%
Skeena—Bulkley Valley
67%
South Surrey—White Rock
67%
Vancouver Kingsway
67%
Vancouver Quadra
67%
West Vancouver—Sunshine Coast—Sea to Sky Country
67%
Burnaby Central
56%
Cariboo—Prince George
56%
Chilliwack—Hope
56%
Columbia—Kootenay—Southern Rockies
56%
Courtenay—Alberni
56%
Cowichan—Malahat—Langford
56%
Delta
56%
Hedy Fry
56%
Kamloops—Shuswap—Central Rockies
56%
Kamloops—Thompson—Nicola
56%
Langley Township—Fraser Heights
56%
North Vancouver—Capilano
56%
Pitt Meadows—Maple Ridge
56%
Richmond East—Steveston
56%
Surrey Centre
56%
Surrey Newton
56%
Terry Beech
56%
Vancouver Fraserview—South Burnaby
56%
Vernon—Lake Country—Monashee
56%
Bob Zimmer
44%
Chak Au
44%
Ellis Ross
44%
Gregor Robertson
44%
Jake Sawatzky
44%
Mark Strahl
44%
Stephen Fuhr
44%
Sukhman Gill
44%
Taleeb Noormohamed
44%
Tamara Jansen
44%
Zoe Royer
44%
Jonathan Wilkinson
33%
Marc Dalton
33%
Okanagan Lake West—South Kelowna
33%
Parm Bains
33%
Patrick Weiler
33%
Ron McKinnon
33%
Scott Anderson
33%
Tako Van Popta
33%
Tamara Kronis
33%
Brad Vis
22%
Dan Albas
22%
Ernie Klassen
22%
Gurbux Saini
22%
Helena Konanz
22%
Jeff Kibble
22%
Mel Arnold
22%
Randeep Sarai
22%
Stephanie McLean
22%
Sukh Dhaliwal
22%
Wade Chang
22%
Wade Grant
22%
Will Greaves
22%
Frank Caputo
11%
Jill McKnight
11%
Rob Morrison
11%
Todd Doherty
11%
No matching quizzes found
Score Distribution
Percent of People with Each Score
Percentile by Number Answered
Your Score History
You have not taken this quiz